Infeccions de transmissió sexual : com prevenir-les i afrontar-les / coordinació i redacció: Rosa Ros ; il·lustracions: Mariel Soria com prevenir-les i afrontar-les / coordinació i redacció:
Publicado:
Barcelona :
Diputació de Barcelona. Àrea de Salut Pública i Consum. Servei de Salut Pública ,
2008
Descripción Física:
28 p. : il. col. ; 24 cm
MARC
| LEADER | 00000nam a2200000Ia 4500 | ||
|---|---|---|---|
| 001 | 21361 | ||
| 008 | 160829s2008 xx 000 0 cat d | ||
| 080 | |a FU-39-40 | ||
| 245 | |a Infeccions de transmissió sexual : |b com prevenir-les i afrontar-les / coordinació i redacció: |b Rosa Ros ; il·lustracions: |b Mariel Soria | ||
| 260 | |a Barcelona : |b Diputació de Barcelona. Àrea de Salut Pública i Consum. Servei de Salut Pública, |c 2008 | ||
| 300 | |a 28 p. : |b il. col. ; |c 24 cm | ||
| 650 | 0 | |a Malalties de transmissió sexual |x Prevenció |9 19822 | |
| 700 | |a Ros, Rosa |e coordinador |9 7719 | ||
| 700 | 0 | |a Mariel |e il·lustrador |9 44369 | |
| 710 | |a Barcelona (Catalunya : Província). |b Servei de Salut Pública |9 52202 | ||
| 901 | |a Arxiu | ||
| 942 | |n 1 |2 udc | ||
| 952 | |0 0 |1 0 |4 0 |6 FU3940 |7 1 |9 51919 |a Arxiu |b Arxiu |d 2016-12-01 |l 0 |o FU-39-40 |p 21361 |r 2016-12-01 00:00:00 |w 2016-12-01 |y ARXIU | ||
| 999 | |c 55765 |d 55765 | ||